Les morts dans La Guerre des Clans - Statistiques

Statistiques générales
  • Ce quiz a été pris 126 fois
  • Le résultat moyen est 7 sur 15
Statistiques - réponses
Hint Réponse % Correct
Tué(e) par Fléau Étoile du Tigre (celui qui est mort)
78%
Mort(e) en mettant bas Rivière d'Argent
74%
Tué(e) en tuant un chat géant Jolie Plume
60%
Mort(e) pour sauver sa réincarnation Museau Cendré
59%
Tué(e) par la fille de son ex Pelage de Granit
55%
Éboulement Cœur de Chêne
53%
Mort(e) dans les tunnels Feuille Morte
50%
Mort(e) enlevé par un faux con (ma sœur tenait à ce jeu de mots) Patte de Givre
47%
Tué(e) par un chat de la Forêt Sombre Feuille de Houx
45%
Diabète Étoile du Léopard
43%
Tué(e) par un guérisseur Fleur de Lune
41%
Tué(e) par l'apprenti de son amoureux Zonzombre d'Érable (ma sœur est cheloue)
28%
Mort(e) du Mal Vert Petit Reflet
26%
Tué(e) par Médor Étoile Bleue
24%
Tué(e) par les Clans Clair de Lune
22%
Aucun quiz correspondant
Distribution des résultats
% des personnes avec chaque résultat
Percentile par nombre de réponses
Votre historique - résultats
Vous n’avez pas pris ce quiz